المجلة الجنائية القومية (رقم التسجيلة. 138695)

تفاصيل مارك
000 -LEADER
fixed length control field 01244nasaa2200337 i 4500
003 - EG-GICUS
control field EG-GICUC
005 - DATE AND TIME OF LATEST TRANSACTION
control field 20260407150559.0
008 - FIXED-LENGTH DATA ELEMENTS--GENERAL INFORMATION
fixed length control field 150330c19589999ua tr p 000 f0ara d
022 ## - INTERNATIONAL STANDARD SERIAL NUMBER
International Standard Serial Number 0028-0054
040 ## - CATALOGING SOURCE
Original cataloging agency EG-GiCUC
Language of cataloging ara
Transcribing agency EG-GiCUC
Description conventions rda
041 0# - LANGUAGE CODE
Language code of text/sound track or separate title ara
049 ## - LOCAL HOLDINGS (OCLC)
Acquisition Source إشتراك
092 04 - LOCALLY ASSIGNED DEWEY CALL NUMBER (OCLC)
Classification number 345.05
Item number M233
Edition number 21
099 ## - LOCAL FREE-TEXT CALL NUMBER (OCLC)
Classification number 345.05 M233
245 02 - TITLE STATEMENT
Title المجلة الجنائية القومية
246 15 - VARYING FORM OF TITLE
Title proper/short title National review of criminal science
264 1# - PRODUCTION, PUBLICATION, DISTRIBUTION, MANUFACTURE, AND COPYRIGHT NOTICE
Place of production, publication, distribution, manufacture القاهرة:
Name of producer, publisher, distributor, manufacturer المركز القومي للبحوث الإجتماعية والجنائية،
Date of production, publication, distribution, manufacture, or copyright notice 1958-
300 ## - PHYSICAL DESCRIPTION
Extent مجلد :
Other physical details ايضاحيات؛
Dimensions 25سم
310 ## - CURRENT PUBLICATION FREQUENCY
Current publication frequency
336 ## - CONTENT TYPE
Content type term text
Source rda content
337 ## - MEDIA TYPE
Media type term Unmediated
Source rdamedia
338 ## - CARRIER TYPE
Carrier type term volume
Source rdacarrier
362 1# - DATES OF PUBLICATION AND/OR SEQUENTIAL DESIGNATION
Dates of publication and/or sequential designation صدر العدد.1(1958)
500 ## - GENERAL NOTE
General note بعض الاعداد تصدر مزدوجة
541 ## - IMMEDIATE SOURCE OF ACQUISITION NOTE
Source of acquisition إشتراك
588 ## - SOURCE OF DESCRIPTION NOTE
Institution to which field applies المجلد الرابع والخمسون،العدد الثانى يوليو(2011)
650 #7 - SUBJECT ADDED ENTRY--TOPICAL TERM
Topical term or geographic name entry element القانون الجنائى
Geographic subdivision مصر
Form subdivision دوريات
Source of heading or term qrmak
710 2# - ADDED ENTRY--CORPORATE NAME
Corporate name or jurisdiction name as entry element المركز القومي للبحوث الاجتماعية والجنائية
905 ## - LOCAL DATA ELEMENT E, LDE (RLIN)
Cataloger
Reviser Abeer
942 ## - ADDED ENTRY ELEMENTS (KOHA)
Koha item type Continuing Resources
Suppress in OPAC No
999 ## -
-- 138695
-- 138695
المقتنيات
Barcode Full call number Home library Current library Source of classification or shelving scheme Copy number Public note Koha item type Inventory number
01030102001111000002 345.05 M233 المكتبة المركزبة الجديدة - جامعة القاهرة قاعة الصحف والدوريات - الدور الثالث Dewey Decimal Classification v.54 n.2 اشتراك Continuing Resources 13676301
01030102001114000001 345.05 M233 المكتبة المركزبة الجديدة - جامعة القاهرة قاعة الصحف والدوريات - الدور الثالث Dewey Decimal Classification v.57 n.1.2.3 اشتراك Continuing Resources  
01030102001112000001 345.05 M233 المكتبة المركزبة الجديدة - جامعة القاهرة قاعة الصحف والدوريات - الدور الثالث Dewey Decimal Classification v.55 n.1.2.3 اشتراك Continuing Resources  
01030102001113000001 345.05 M233 المكتبة المركزبة الجديدة - جامعة القاهرة قاعة الصحف والدوريات - الدور الثالث Dewey Decimal Classification v.56 n.1.2.3 اشتراك Continuing Resources  
01030102001115000001 345.05 M233 المكتبة المركزبة الجديدة - جامعة القاهرة قاعة الصحف والدوريات - الدور الثالث Dewey Decimal Classification v.58 n.1.2.3 اشتراك Continuing Resources  
Cairo University Libraries Portal Implemented & Customized by: Eng. M. Mohamady Contacts: new-lib@cl.cu.edu.eg | cnul@cl.cu.edu.eg
CUCL logo CNUL logo
© All rights reserved — Cairo University Libraries
CUCL logo
Implemented & Customized by: Eng. M. Mohamady Contact: new-lib@cl.cu.edu.eg © All rights reserved — New Central Library
CNUL logo
Implemented & Customized by: Eng. M. Mohamady Contact: cnul@cl.cu.edu.eg © All rights reserved — Cairo National University Library